Costa Rica: una reforma dentro del sistema de salud vigente /

Wedi'i Gadw mewn:
Manylion Llyfryddiaeth
Prif Awdur: Salas, Alvaro
Fformat: Texto
Cyfres:SERIE POLITICAS SOCIALES/CEPAL
Pynciau:
Tagiau: Ychwanegu Tag
Dim Tagiau, Byddwch y cyntaf i dagio'r cofnod hwn!

MARC

LEADER 00000 a a2200000 04500
001 17451
003
040
090 |a REV1291 (15) 1996  
100 |a Salas, Alvaro  
245 |a Costa Rica:   |b una reforma dentro del sistema de salud vigente /  |c Alvaro Salas  
440 |a SERIE POLITICAS SOCIALES/CEPAL  
650 |a MODERNIZACION  
650 |a SALUD  
650 |a CAJA COSTARRICENSE DE SEGURO SOCIAL, CR  
650 |a PARTICIPACION SOCIAL  
650 |a DESCENTRALIZACION  
650 |a FINANCIAMIENTO  
650 |a SERVICIOS DE SALUD  
773 |a número15, (1996)  
999 |c 33456  |d 33456